Normal view
MARC view
Entry Término temático
001 - NÚMERO DE CONTROL
- campo de control: 28877
003 - IDENTIFICADOR DEL NÚMERO DE CONTROL
- campo de control: FranzMayer
005 - FECHA Y HORA DE LA ÚLTIMA TRANSACCIÓN
- campo de control: 20230719143144.0
008 - DATOS DE LONGITUD FIJA
- campo de control de longitud fija: 230719|| aca||aabn | a|a d
040 ## - FUENTE DE LA CATALOGACIÓN
- Centro catalogador/agencia de origen: FranzMayer
- Centro/agencia transcriptor: FranzMayer
150 ## - ENCABEZAMIENTO--TÉRMINO DE MATERIA
- Término de materia o nombre geográfico como elemento de entrada: Ética
- Subdivisión de forma: Valores
670 ## - FUENTE DE DATOS ENCONTRADOS
- Cita de la fuente: Work cat.: (FranzMayer)10893: Autor Muratori, Ludovico Antonio Bibliotecario del Serenissimo Signor Duca di Modena 28876, Della Pubblica Felicita Oggetto de Buoni Principi, Trattato, 1749